000 00803nam a22002297a 4500
005 20150505160022.0
008 140714b xxu||||| |||| 00| 0 Urdu d
010 _aUR-8847
020 _c250.00
035 _aU-7402
037 _bBPPD/Pub/Ven
040 _aDPL
_bUrdu
082 _a920
100 _aفا ر و قی محمد ا بو الفضل
245 _aنشيب و فر ا ز
_cفا ر و قی محمد ا بو الفضل
246 _aNasheb -o-Faraz
_bby Farooqi Mohd. Abulfazal
250 _aEd.byMohd. Arif Iqbal
260 _bApplied Publications
_c2009
_aMaharashtra
270 _a2724A/16,Ist floor,Metropole,Bldg.Behind Moti Mehal Restaurant,Darya Ganj
_bNew Delhi
_k23246857 -
_e110002
300 _a240+16ص
_c22Cm (Hb)
942 _2ddc
_cUR
_e
_h920
_mف ا ر
999 _c93325
_d93325